000 00264nam a2200109Ia 4500
008 200302s9999 xx 000 0 und d
100 _aRoderick Macfarquhar
245 _aThe Forbidden City
260 _bUnited Kingdom Published
260 _c1972
300 _a172 P.,
999 _c2291
_d2291